[Event "20th Dubai Open 2018"]
[Site "Dubai"]
[Date "2018.04.10"]
[Round "9"]
[White "San Juan, Dennis"]
[Black "Darini, Pouria"]
[Result "0-1"]
[WhiteElo "2123"]
[BlackElo "2478"]
[Annotator "TA"]
[PlyCount "76"]
[EventDate "2018.??.??"]
[EventType "swiss"]
[EventCountry "UAE"]
[SourceTitle "playchess.com"]
[Source "ChessBase"]
[SourceQuality "1"]

{[%evp 21,76,12,30,-10,1,-100,-108,-86,-96,-184,-173,-230,-165,-225,-193,-290,-239,-233,-235,-227,-90,-83,-80,-86,-77,-84,-75,-110,-115,-110,-98,-110,-112,-106,-100,-109,-112,-175,-175,-183,-175,-187,-179,-215,-228,-311,-232,-398,-380,-278,-254,-439,-432,-477,-477,-512,-495]} 1. d4 Nf6 2. Nf3 g6 3. Bf4 Bg7 4. e3 O-O 5. h3 c5 6. c3 d6 7. Be2 Be6 8. O-O {A48: 1 d4 Nf6 2 Nf3 g6: Torre, London and Colle Systems} Qb6 (8... Nc6 9. Nbd2 Qb6 10. Qb1 cxd4 11. exd4 Rac8 12. Bd3 Na5 13. Re1 Rfe8 14. Bh2 a6 15. Re2 Bd5 {0-1 (39) Evdokimov,A (2502)-Kokarev,D (2608) Moscow 2018}) 9. Qc1 Nc6 10. Nbd2 cxd4 11. exd4 Rac8 {LiveBook: 11 Games} 12. Qb1 Bf5 13. Bd3 (13. Nc4 $11 Nxd4 14. Nxd4 Rxc4 15. Nxf5 Rxf4 16. Nxe7+ Kh8 17. g3) 13... Bxd3 $17 14. Qxd3 Nd5 15. Bg3 (15. Bg5 $17) 15... Qxb2 $19 16. Ne4 $146 (16. c4 $142 Nc3 17. Rac1 Bxd4 18. Rc2) ({Predecessor:} 16. Rab1 Qxc3 {0-1 (60) Hagege,G (2175)-Berthelot,Y (2290) France 1996}) 16... Qa3 17. Rfb1 (17. Qc4 {is a better defense.} Ncb4 18. Qb5 Nxc3 19. Nxc3 Qxc3 20. Rac1 Qxc1 21. Rxc1 Rxc1+ 22. Kh2) 17... Na5 18. Ne1 (18. Re1 {keeps fighting.}) 18... Nxc3 19. Nc2 {[#]} Qa4 $1 20. Nxc3 Qc4 (20... Qc6 $19 {is more deadly.} 21. Nb4 Qxc3 22. Qxc3 Rxc3) 21. Qxc4 $17 Rxc4 22. Nd5 Rxc2 23. Nxe7+ Kh8 24. Bxd6 Rd8 $36 {[%mdl 2048] Black is in control.} 25. Rc1 Rxc1+ (25... Bxd4 $6 26. Rxc2 Bxa1 27. Bc7 $11) 26. Rxc1 {Hoping for Bc7.} Rxd6 ({Much worse is} 26... Bxd4 $6 27. Bc7 $11) 27. Rc8+ {[#]} Bf8 $1 {[%mdl 512]} 28. Rxf8+ {[%mdl 4096] Endgame KRN-KRN} Kg7 29. Ra8 {[#]} (29. Rg8+ $17 {might work better.} Kf6 30. Nc8 Rxd4 31. Nxa7) 29... a6 $1 $19 30. d5 Rd7 31. Re8 Nc4 32. Nc8 Rxd5 33. Re2 Rc5 34. Ne7 $2 (34. Re8 {was necessary.}) 34... b5 {[%cal Bb7b5,Bb5b4][%mdl 32]} 35. g4 f6 36. f4 $2 (36. Re6 Kf7 37. Rc6 Rxc6 38. Nxc6) 36... Kf7 {Black is clearly winning.} 37. Kf2 b4 38. Kf3 a5 {Precision: White = 20%, Black = 75%.} 0-1